[Event "Toronto Chess Centre Summer op U2100"]
[Site "Toronto CAN"]
[Date "2025.06.07"]
[Round "3.9"]
[White "Gao, Yiguo"]
[Black "Wang, Zi"]
[Result "1-0"]
[WhiteElo "1718"]
[BlackElo "1736"]
[WhiteFideId "-1"]
[WhiteFideId "-1"]
[PlyCount "85"]
[GameId "2198400361953882"]
[EventDate "2025.06.07"]
[EventType "swiss"]
[EventRounds "5"]
[EventCountry "CAN"]

1. e4 Nc6 2. Nc3 e5 3. f4 Bc5 4. Nf3 d6 5. Bb5 Nf6 6. fxe5 Ng4 7. d4 Bb6 8. h3 dxe5 9. hxg4 exd4 10. Ne2 Bxg4 11. Nexd4 Bxf3 12. Bxc6+ bxc6 13. Nxf3 Qe7 14. Qe2 O-O-O 15. Bd2 Qe6 16. Ng5 Qg6 17. O-O-O h6 18. Nf3 Rhe8 19. Rhe1 Kb8 20. Nh4 Qe6 21. Nf5 Qxa2 22. c3 Re5 23. Bf4 Rxd1+ 24. Rxd1 Rb5 25. Qc2 a5 26. Nd4 Bxd4 27. Rxd4 g5 28. Bg3 c5 29. Rd7 Rb7 30. b3 Qa1+ 31. Kd2 Qf1 32. Ke3 Qg1+ 33. Bf2 Qxg2 34. Rxf7 Qh3+ 35. Ke2 Qh5+ 36. Rf3 g4 37. Rf5 Qh2 38. Rf8+ Ka7 39. Qa2 Ka6 40. b4 cxb4 41. Qc4+ Rb5 42. Qc6+ Rb6 43. Ra8# 1-0

[Event "Toronto Chess Centre Summer op U2100"]
[Site "Toronto CAN"]
[Date "2025.06.08"]
[Round "4.5"]
[White "Mammadov, Nihad"]
[Black "Zhan, Jayden"]
[Result "1/2-1/2"]
[WhiteElo "1942"]
[BlackElo "1896"]
[WhiteFideId "-1"]
[WhiteFideId "-1"]
[PlyCount "69"]
[GameId "2198478766152290"]
[EventDate "2025.06.07"]
[EventType "swiss"]
[EventRounds "5"]
[EventCountry "CAN"]

1. e4 c5 2. c4 Nc6 3. Nc3 g6 4. g3 Bg7 5. Bg2 d6 6. Nge2 e5 7. d3 Nge7 8. O-O O-O 9. Rb1 f5 10. f4 a6 11. a3 Be6 12. b4 Qd7 13. Nd5 Rad8 14. Be3 cxb4 15. axb4 fxe4 16. dxe4 Bg4 17. b5 Na5 18. Bb6 Nxd5 19. cxd5 Nc4 20. Bxd8 Rxd8 21. Qd3 axb5 22. Nc3 exf4 23. gxf4 Rc8 24. Rfc1 Na3 25. Rb3 Qc7 26. h3 Bd7 27. Ne2 Nc4 28. Kh2 Rf8 29. Rf1 Qa5 30. Nc3 Bh6 31. Kg3 Bg7 32. Kh2 Bh6 33. Kg3 Bg7 34. Kh2 Bh6 35. Kg3 1/2-1/2

[Event "Toronto Chess Centre Summer op U2100"]
[Site "Toronto CAN"]
[Date "2025.06.08"]
[Round "4.6"]
[White "Gao, Yiguo"]
[Black "Lakhani, Riyaan"]
[Result "0-1"]
[WhiteElo "1718"]
[BlackElo "1962"]
[WhiteFideId "-1"]
[WhiteFideId "-1"]
[PlyCount "120"]
[GameId "2198549093812996"]
[EventDate "2025.06.07"]
[EventType "swiss"]
[EventRounds "5"]
[EventCountry "CAN"]

1. e4 e6 2. Nf3 d5 3. Nc3 Nf6 4. e5 Nfd7 5. d4 c5 6. Bg5 Qb6 7. dxc5 Nxc5 8. Qd2 Nc6 9. Be3 Qd8 10. O-O-O a6 11. g3 Qc7 12. Bf4 b5 13. Qe3 Qa5 14. Nd4 Nxd4 15. Qxd4 Bb7 16. a3 Nd7 17. Ne4 Qb6 18. Qxb6 Nxb6 19. Ng5 d4 20. Rg1 h6 21. Nh3 g5 22. Bd2 Nd5 23. Bg2 Bc5 24. Be1 O-O-O 25. f4 d3 26. Bf2 dxc2 27. Rxd5 Bxd5 28. Bxc5 Bb3 29. Bd6 f5 30. Bf1 g4 31. Nf2 h5 32. Bd3 h4 33. Rg2 Bd5 34. Rg1 hxg3 35. hxg3 Rh2 36. Bc5 Kc7 37. Kxc2 Kc6 38. b4 Rdh8 39. Kd2 a5 40. Kc3 Ra8 41. Bb1 axb4+ 42. axb4 Ra3+ 43. Kb2 Rf3 44. Kc2 Rhxf2+ 45. Bxf2 Rxf2+ 46. Kc3 Rf3+ 47. Kd2 Rb3 48. Bd3 Rxb4 49. Rc1+ Kb6 50. Kc3 Rb3+ 51. Kd2 b4 52. Rc2 Rxd3+ 53. Kxd3 Be4+ 54. Kd2 Bxc2 55. Kxc2 Kc5 56. Kb3 Kb5 57. Kc2 Kc4 58. Kb2 b3 59. Kc1 Kc3 60. Kb1 b2 0-1

[Event "Toronto Chess Centre Summer op U2100"]
[Site "Toronto CAN"]
[Date "2025.06.08"]
[Round "4.7"]
[White "Duanmu, Isaac"]
[Black "Li, Ethan"]
[Result "1-0"]
[WhiteElo "1923"]
[BlackElo "1929"]
[WhiteFideId "-1"]
[WhiteFideId "-1"]
[PlyCount "87"]
[GameId "2198551490333615"]
[EventDate "2025.06.07"]
[EventType "swiss"]
[EventRounds "5"]
[EventCountry "CAN"]

1. d4 f5 2. c4 g6 3. Nc3 Bg7 4. g3 Nf6 5. Bg2 c6 6. Nf3 O-O 7. O-O a6 8. Qc2 d5 9. Re1 b5 10. cxd5 cxd5 11. Bf4 e6 12. Rad1 Qb6 13. Qc1 Nbd7 14. Bh6 Ne4 15. Bxg7 Kxg7 16. Nxe4 fxe4 17. Ng5 h6 18. Nh3 Bb7 19. Qe3 Rac8 20. f3 Ne5 21. b3 b4 22. Rc1 Nc6 23. Nf4 Ne7 24. fxe4 e5 25. exd5 exf4 26. Qxe7+ Rf7 27. Qe5+ Kh7 28. Rxc8 Bxc8 29. gxf4 Qd8 30. Rc1 Bb7 31. e4 Qh4 32. d6 Bc8 33. Qe8 Qxf4 34. Qxc8 Qf2+ 35. Kh1 Qxd4 36. Qc4 Qa7 37. Qxf7+ Qxf7 38. Rc7 Kg8 39. Rxf7 Kxf7 40. e5 g5 41. Bd5+ Ke8 42. e6 Kd8 43. Bc6 Kc8 44. e7 1-0

[Event "Toronto Chess Centre Summer op U2100"]
[Site "Toronto CAN"]
[Date "2025.06.08"]
[Round "4.8"]
[White "Allahverdi, Umid"]
[Black "Zhao, Jifan"]
[Result "1-0"]
[WhiteElo "1885"]
[BlackElo "2061"]
[WhiteFideId "-1"]
[WhiteFideId "-1"]
[PlyCount "77"]
[GameId "2198563581402039"]
[EventDate "2025.06.07"]
[EventType "swiss"]
[EventRounds "5"]
[EventCountry "CAN"]

1. e4 e6 2. d4 d5 3. Nd2 Be7 4. Ngf3 Nf6 5. e5 Nfd7 6. Bd3 c5 7. c3 Nc6 8. O-O Qb6 9. a4 cxd4 10. cxd4 Nxd4 11. a5 Nxf3+ 12. Nxf3 Qd8 13. Qc2 h6 14. Ra4 Nc5 15. Rg4 Nxd3 16. Qxd3 g6 17. Bd2 Bd7 18. Rxg6 a6 19. Nd4 Qc7 20. Rxh6 Rxh6 21. Bxh6 Qxe5 22. Qh7 Bf8 23. Qg8 Ke7 24. Nf3 Qf5 25. Bd2 Bb5 26. Bb4+ Kd7 27. Rc1 Qf4 28. Bd2 Qf6 29. Bc3 Qe7 30. Ne5+ Ke8 31. Bb4 Qxb4 32. Qxf7+ Kd8 33. Qxb7 Qd2 34. Qxa8+ Ke7 35. Ng6+ Kf6 36. Qxf8+ Kxg6 37. Qc8 Bc4 38. Qxe6+ Kg7 39. Qe3 1-0

[Event "Toronto Chess Centre Summer op U2100"]
[Site "Toronto CAN"]
[Date "2025.06.08"]
[Round "4.9"]
[White "Krivykh, Daniel"]
[Black "Katz, Lyam"]
[Result "0-1"]
[WhiteElo "1845"]
[BlackElo "1812"]
[WhiteFideId "-1"]
[WhiteFideId "-1"]
[PlyCount "72"]
[GameId "2198565677833151"]
[EventDate "2025.06.07"]
[EventType "swiss"]
[EventRounds "5"]
[EventCountry "CAN"]

1. c4 c5 2. Nf3 Nf6 3. Nc3 Nc6 4. g3 d5 5. cxd5 Nxd5 6. Bg2 Nc7 7. O-O e5 8. d3 Be7 9. Be3 O-O 10. Qd2 f6 11. Rac1 Be6 12. Ne1 Qd7 13. b3 b6 14. Nf3 Rad8 15. Rfd1 Nd4 16. Qb2 Na6 17. Bxd4 exd4 18. Nb1 Nb4 19. Ne1 Bd5 20. a3 Nc6 21. Nf3 Ne5 22. Nxe5 fxe5 23. Bxd5+ Qxd5 24. Nd2 Bg5 25. Rc2 Rxf2 26. Ne4 Rf5 27. Rf1 Be3+ 28. Kg2 Rxf1 29. Kxf1 Rf8+ 30. Kg2 Rf2+ 31. Kh1 Rf1+ 32. Kg2 Rg1+ 33. Kf3 Qf7+ 34. Kg4 h5+ 35. Kh4 Qf5 36. h3 Rh1 0-1

[Event "Toronto Chess Centre Summer op U2100"]
[Site "Toronto CAN"]
[Date "2025.06.08"]
[Round "5.5"]
[White "Zhan, Jayden"]
[Black "Duanmu, Isaac"]
[Result "1/2-1/2"]
[WhiteElo "1896"]
[BlackElo "1923"]
[WhiteFideId "-1"]
[WhiteFideId "-1"]
[PlyCount "94"]
[GameId "2198571194874823"]
[EventDate "2025.06.07"]
[EventType "swiss"]
[EventRounds "5"]
[EventCountry "CAN"]

1. e4 c6 2. d4 d5 3. e5 Bf5 4. Nf3 e6 5. Be2 Nd7 6. O-O a5 7. a4 f6 8. Re1 fxe5 9. dxe5 Bc5 10. Nbd2 Ne7 11. Nb3 Ba7 12. Bd2 b6 13. Nbd4 c5 14. Nxf5 Nxf5 15. Ng5 Qe7 16. Bd3 O-O 17. Qh5 g6 18. Qg4 c4 19. Bf1 b5 20. Nf3 b4 21. c3 b3 22. Nd4 Qc5 23. Re2 Rae8 24. Nf3 Qe7 25. h4 Kh8 26. Bg5 Qg7 27. Rd1 h6 28. Bf4 Nc5 29. Red2 Ne4 30. Re2 h5 31. Qh3 Bxf2+ 32. Rxf2 Qa7 33. Rdd2 Ne3 34. g3 Ng4 35. Qg2 Nxd2 36. Nxd2 Nxf2 37. Qxf2 Qd7 38. Qe3 Qxa4 39. Bg5 Qd7 40. Bf6+ Kh7 41. Nf3 a4 42. Qc1 Rb8 43. Bh3 Rfe8 44. Qb1 Qa7+ 45. Kg2 Qe3 46. Ng5+ Kh6 47. Nf7+ Kh7 1/2-1/2

[Event "Toronto Chess Centre Summer op U2100"]
[Site "Toronto CAN"]
[Date "2025.06.08"]
[Round "5.6"]
[White "Lakhani, Riyaan"]
[Black "Mammadov, Nihad"]
[Result "1-0"]
[WhiteElo "1962"]
[BlackElo "1942"]
[WhiteFideId "-1"]
[WhiteFideId "-1"]
[PlyCount "101"]
[GameId "2198573650799567"]
[EventDate "2025.06.07"]
[EventType "swiss"]
[EventRounds "5"]
[EventCountry "CAN"]

1. d4 d5 2. c4 c6 3. Nf3 Nf6 4. e3 e6 5. Nc3 Nbd7 6. Qc2 Bd6 7. Bd3 O-O 8. O-O Re8 9. Bd2 b6 10. cxd5 exd5 11. e4 dxe4 12. Nxe4 Qc7 13. Nxd6 Qxd6 14. Rfe1 Bb7 15. Rxe8+ Rxe8 16. Re1 Rxe1+ 17. Bxe1 c5 18. dxc5 Nxc5 19. Be2 Be4 20. Qd1 Qxd1 21. Bxd1 Nd5 22. Bd2 Nd3 23. b3 N3b4 24. a4 Na2 25. Nd4 f5 26. Be2 Nac3 27. Bc4 Kf8 28. Ne6+ Kf7 29. Nf4 Ke7 30. Nxd5+ Nxd5 31. f3 Nf6 32. fxe4 Nxe4 33. Be1 g6 34. Bd3 Nc5 35. Bb4 Kd6 36. Bxc5+ Kxc5 37. Kf2 Kb4 38. Bc4 g5 39. Ke3 Kc5 40. Be6 f4+ 41. Ke4 h6 42. Bc4 a5 43. h4 Kb4 44. hxg5 hxg5 45. Kf5 b5 46. axb5 a4 47. bxa4 Kxc4 48. Kxg5 Kb4 49. b6 Kxa4 50. b7 f3 51. gxf3 1-0

[Event "Toronto Chess Centre Summer op U2100"]
[Site "Toronto CAN"]
[Date "2025.06.08"]
[Round "5.7"]
[White "Li, Ethan"]
[Black "Katz, Lyam"]
[Result "1/2-1/2"]
[WhiteElo "1929"]
[BlackElo "1812"]
[WhiteFideId "-1"]
[WhiteFideId "-1"]
[PlyCount "125"]
[GameId "2198762457975968"]
[EventDate "2025.06.07"]
[EventType "swiss"]
[EventRounds "5"]
[EventCountry "CAN"]

1. f4 Nf6 2. Nf3 c5 3. b3 g6 4. Bb2 Bg7 5. e3 O-O 6. Be2 Nc6 7. O-O b6 8. Ne5 Bb7 9. Bf3 Qc7 10. Na3 a6 11. Nac4 b5 12. Nxc6 Bxc6 13. Ne5 Bxf3 14. Qxf3 d6 15. Ng4 Nxg4 16. Bxg7 Nxh2 17. Kxh2 Kxg7 18. Rh1 h5 19. Kg1 Qd7 20. Rh4 Qf5 21. c3 Qc2 22. Qd5 b4 23. cxb4 cxb4 24. Qd4+ Kg8 25. g4 e5 26. fxe5 dxe5 27. Qxe5 Qxd2 28. Qg3 Qb2 29. Rf1 hxg4 30. Qxg4 Kg7 31. Qf4 f5 32. Qxb4 Qf6 33. Rc1 Rf7 34. Qf4 g5 35. Qg3 Rh8 36. Rhc4 Re7 37. Rc6 f4 38. Rxf6 fxg3 39. Rf3 Rh2 40. Rxg3 Rxa2 41. Rxg5+ Kf6 42. Rg3 Ke5 43. Rc4 Kd6 44. e4 Re2 45. Rg6+ Re6 46. Rxe6+ Kxe6 47. Kf1 Ra2 48. Ke1 Ke5 49. Kd1 Rb2 50. b4 Ra2 51. Kc1 Re2 52. Rc6 Rxe4 53. Rb6 Kd5 54. Kb2 Re6 55. Rb8 Kc4 56. Ka3 Rc6 57. Ka4 Kc3 58. Ka5 Kb3 59. Rf8 Kc4 60. Rf5 Kb3 61. Rc5 Re6 62. Rc7 Rf6 63. Rc5 1/2-1/2

[Event "Toronto Chess Centre Summer op U2100"]
[Site "Toronto CAN"]
[Date "2025.06.08"]
[Round "5.8"]
[White "Allahverdi, Umid"]
[Black "Gao, Yiguo"]
[Result "1/2-1/2"]
[WhiteElo "1885"]
[BlackElo "1718"]
[WhiteFideId "-1"]
[WhiteFideId "-1"]
[PlyCount "65"]
[GameId "2198765225757864"]
[EventDate "2025.06.07"]
[EventType "swiss"]
[EventRounds "5"]
[EventCountry "CAN"]

1. e4 d5 2. exd5 Nf6 3. Nc3 Nxd5 4. Bc4 Nb6 5. Bb3 Nc6 6. a3 e5 7. h3 Bf5 8. d3 Nd4 9. Ba2 Qd7 10. Be3 Bc5 11. Nf3 O-O-O 12. Nxe5 Qe7 13. Nxf7 Nxc2+ 14. Qxc2 Bxe3 15. fxe3 Qxe3+ 16. Ne2 Rhe8 17. Nxd8 Bxd3 18. Qd2 Qg3+ 19. Kd1 Rxe2 20. Qxe2 Bxe2+ 21. Kxe2 Qxg2+ 22. Ke3 Qg3+ 23. Ke2 Qe5+ 24. Kf3 Qf6+ 25. Ke3 Qe5+ 26. Kf3 Nd5 27. Bxd5 Qxd5+ 28. Kg3 Qd3+ 29. Kf4 Qd4+ 30. Kg3 Qe3+ 31. Kh4 Qe7+ 32. Kg3 Qe3+ 33. Kh4 1/2-1/2

[Event "Toronto Chess Centre Summer op U2100"]
[Site "Toronto CAN"]
[Date "2025.06.08"]
[Round "5.9"]
[White "Wang, Zi"]
[Black "Krivykh, Daniel"]
[Result "1-0"]
[WhiteElo "1736"]
[BlackElo "1845"]
[WhiteFideId "-1"]
[WhiteFideId "-1"]
[PlyCount "75"]
[GameId "2198767222902060"]
[EventDate "2025.06.07"]
[EventType "swiss"]
[EventRounds "5"]
[EventCountry "CAN"]

1. e4 c5 2. Nf3 e6 3. d4 cxd4 4. Nxd4 Nc6 5. Nc3 Qc7 6. Ndb5 Qb8 7. g3 a6 8. Nd4 Nf6 9. Bg2 Be7 10. O-O O-O 11. Re1 Qc7 12. Bg5 h6 13. Be3 Rb8 14. a3 b5 15. Nxc6 dxc6 16. Qe2 Rd8 17. Rad1 Bb7 18. f3 Rd7 19. Rxd7 Nxd7 20. f4 Nb6 21. f5 e5 22. Qg4 Kh7 23. Qh5 Bf8 24. g4 g6 25. Qh4 Nc4 26. Bc1 Qe7 27. f6 Qc5+ 28. Kh1 Nxa3 29. Re3 g5 30. Qh5 Kg8 31. bxa3 Qd6 32. Rf3 Bc8 33. h4 Qd7 34. Bh3 gxh4 35. Bxh6 Qe8 36. Qg5+ Kh7 37. Bg7 Kg8 38. Qh6 1-0

[Event "Toronto op"]
[Site "Toronto CAN"]
[Date "2025.08.30"]
[Round "1.1"]
[White "Noritsyn, Nikolay"]
[Black "Huang, Youhe"]
[Result "1-0"]
[WhiteElo "2462"]
[BlackElo "2057"]
[WhiteFideId "-1"]
[WhiteFideId "-1"]
[PlyCount "65"]
[GameId "2217351868128600"]
[EventDate "2025.08.30"]
[EventType "swiss"]
[EventRounds "6"]
[EventCountry "CAN"]
[SourceTitle "The Week in Chess 1608"]
[Source "Mark Crowther"]
[SourceDate "2025.09.01"]
[SourceVersion "2"]
[SourceVersionDate "2025.09.01"]
[SourceQuality "2"]

1. e4 c5 2. Nf3 d6 3. d4 cxd4 4. Nxd4 Nf6 5. Nc3 a6 6. Bg5 e6 7. f3 Be7 8. Qd2 O-O 9. O-O-O b5 10. h4 Bb7 11. g4 Nc6 12. Nxc6 Bxc6 13. Ne2 b4 14. Nd4 Qd7 15. Be3 Rfc8 16. g5 Nh5 17. Bh3 a5 18. Bg4 g6 19. Kb1 a4 20. Bxh5 gxh5 21. Rc1 Bb7 22. Ne2 d5 23. Nf4 b3 24. Nxh5 e5 25. Nf6+ Bxf6 26. gxf6 Rxc2 27. Rxc2 bxc2+ 28. Qxc2 Qe6 29. Rg1+ Kh8 30. Bh6 Qh3 31. Qc7 Qh2 32. Rc1 a3 33. Qxb7 1-0

[Event "Toronto op"]
[Site "Toronto CAN"]
[Date "2025.08.30"]
[Round "1.2"]
[White "Yu, Jonathan"]
[Black "Atanasov, Anthony"]
[Result "0-1"]
[WhiteElo "2052"]
[BlackElo "2411"]
[WhiteFideId "-1"]
[WhiteFideId "-1"]
[PlyCount "72"]
[GameId "2217351868128601"]
[EventDate "2025.08.30"]
[EventType "swiss"]
[EventRounds "6"]
[EventCountry "CAN"]
[SourceTitle "The Week in Chess 1608"]
[Source "Mark Crowther"]
[SourceDate "2025.09.01"]
[SourceVersion "2"]
[SourceVersionDate "2025.09.01"]
[SourceQuality "2"]

1. c3 d5 2. g3 e5 3. Bg2 Nf6 4. d4 exd4 5. cxd4 Bd6 6. Nf3 O-O 7. O-O Re8 8. Nc3 c6 9. Qd3 b5 10. Bg5 b4 11. Na4 Ba6 12. Qf5 Bxe2 13. Rfe1 Nbd7 14. Rac1 Bb5 15. Rxe8+ Qxe8 16. Nc5 h6 17. Re1 Qc8 18. Bf4 Nxc5 19. Qxc8+ Rxc8 20. Bxd6 Nd3 21. Re7 Ne4 22. Bc5 a5 23. Ra7 a4 24. Bf1 Nexf2 25. Bxb4 Nxb4 26. Kxf2 Nxa2 27. Ne5 Nb4 28. Nd7 Re8 29. Nc5 Nc2 30. Nxa4 Nxd4 31. Nc3 Bxf1 32. Kxf1 Nf3 33. h4 d4 34. Kf2 dxc3 35. Kxf3 c2 36. Ra1 Rb8 0-1

[Event "Toronto op"]
[Site "Toronto CAN"]
[Date "2025.08.30"]
[Round "1.3"]
[White "Razin, Vadim"]
[Black "Kang, Dorian"]
[Result "0-1"]
[WhiteElo "2396"]
[BlackElo "2047"]
[WhiteFideId "-1"]
[WhiteFideId "-1"]
[PlyCount "132"]
[GameId "2217351868128602"]
[EventDate "2025.08.30"]
[EventType "swiss"]
[EventRounds "6"]
[EventCountry "CAN"]
[SourceTitle "The Week in Chess 1608"]
[Source "Mark Crowther"]
[SourceDate "2025.09.01"]
[SourceVersion "2"]
[SourceVersionDate "2025.09.01"]
[SourceQuality "2"]

1. d4 Nf6 2. Nf3 g6 3. c4 Bg7 4. Nc3 O-O 5. e4 d6 6. Be2 e5 7. O-O Nc6 8. d5 Ne7 9. Ne1 Nd7 10. Be3 f5 11. f3 a5 12. Rc1 b6 13. a3 Nf6 14. b4 axb4 15. axb4 Ra3 16. Nd3 Ba6 17. Nb1 Ra1 18. Nd2 Rxc1 19. Qxc1 Qd7 20. Qa3 Ra8 21. c5 bxc5 22. Nxc5 dxc5 23. Bxa6 cxb4 24. Qd3 Qd6 25. Bc4 f4 26. Bf2 Nc8 27. Rc1 Qd8 28. Nb3 Nd6 29. Nc5 Nfe8 30. Bb3 Qb8 31. Ba4 Ra5 32. Rb1 Bf6 33. h3 Bh4 34. Bxh4 Rxc5 35. Bf2 Rc4 36. Qb3 Nf6 37. Bc6 Kg7 38. Kh2 Nfxe4 39. fxe4 Rxe4 40. Bc5 Qc8 41. Qd3 Qf5 42. Rxb4 Re1 43. Qd2 Ra1 44. Bxd6 cxd6 45. Qf2 Rc1 46. Rb7+ Kh6 47. Qh4+ Qh5 48. Qf6 Qd1 49. Qh4+ Qh5 50. Qf6 Qd1 51. Qf8+ Kg5 52. h4+ Kg4 53. Qc8+ Kxh4 54. Qd8+ Kg4 55. Qd7+ Kg5 56. Qe7+ Kf5 57. Qe6+ Kg5 58. Qe7+ Kf5 59. Qd7+ Kg5 60. Qd8+ Kf5 61. Bd7+ Ke4 62. Rb4+ Kd3 63. Bb5+ Kd2 64. Rb2+ Kc3 65. Qa5+ Kxb2 66. Qb4+ Qb3 0-1

[Event "Toronto op"]
[Site "Toronto CAN"]
[Date "2025.08.30"]
[Round "1.4"]
[White "Shih, Matthew"]
[Black "Ivanov, Mike"]
[Result "0-1"]
[WhiteElo "2039"]
[BlackElo "2383"]
[WhiteFideId "-1"]
[WhiteFideId "-1"]
[PlyCount "101"]
[GameId "2217351868132699"]
[EventDate "2025.08.30"]
[EventType "swiss"]
[EventRounds "6"]
[EventCountry "CAN"]
[SourceTitle "The Week in Chess 1608"]
[Source "Mark Crowther"]
[SourceDate "2025.09.01"]
[SourceVersion "2"]
[SourceVersionDate "2025.09.01"]
[SourceQuality "2"]

1. e4 e6 2. d4 d5 3. Nc3 Nf6 4. e5 Nfd7 5. f4 c5 6. Nf3 Nc6 7. Be3 Rb8 8. a3 Be7 9. Be2 a6 10. O-O O-O 11. Kh1 b5 12. dxc5 Nxc5 13. b4 Nd7 14. Nd4 Qc7 15. Qd2 Nb6 16. Nxc6 Qxc6 17. Bd4 Nc4 18. Qe1 Bd7 19. Bd3 f5 20. Nb1 a5 21. c3 Ra8 22. Bxc4 dxc4 23. Nd2 axb4 24. axb4 Rxa1 25. Qxa1 Ra8 26. Qe1 Ra2 27. Nf3 Qa8 28. Qe3 Bc6 29. h3 Ra3 30. Qf2 h6 31. Qg3 Ra2 32. Qg6 Qc8 33. Qg3 Kh7 34. Rf2 Ra1+ 35. Kh2 Qa8 36. Re2 Rf1 37. Re1 Rxe1 38. Nxe1 Qa1 39. Nf3 Qc1 40. Ng1 g5 41. Qe3 Qf1 42. Nf3 Bxf3 43. Qxf3 Qxf3 44. gxf3 gxf4 45. Kg2 Kg6 46. Bb6 Kf7 47. Bg1 Ke8 48. Bh2 Bg5 49. Kf1 Kd7 50. Ke2 Kc6 51. h4 0-1

[Event "Toronto op"]
[Site "Toronto CAN"]
[Date "2025.08.30"]
[Round "1.5"]
[White "Vettese, Nicholas"]
[Black "Dhaliwal, Jaipreet Singh"]
[Result "1-0"]
[WhiteElo "2352"]
[BlackElo "2036"]
[WhiteFideId "-1"]
[WhiteFideId "-1"]
[PlyCount "41"]
[GameId "2217351868132700"]
[EventDate "2025.08.30"]
[EventType "swiss"]
[EventRounds "6"]
[EventCountry "CAN"]
[SourceTitle "The Week in Chess 1608"]
[Source "Mark Crowther"]
[SourceDate "2025.09.01"]
[SourceVersion "2"]
[SourceVersionDate "2025.09.01"]
[SourceQuality "2"]

1. e4 c5 2. Na3 g6 3. c3 d5 4. exd5 Qxd5 5. Nf3 Nc6 6. d4 Bg4 7. Bc4 Qf5 8. Qb3 O-O-O 9. Ng5 cxd4 10. O-O Nh6 11. h3 Bh5 12. Nxf7 Na5 13. Be6+ Kb8 14. Bxf5 Nxb3 15. Bf4+ Ka8 16. axb3 Nxf7 17. Nb5 e5 18. Rxa7+ Kb8 19. Rfa1 b6 20. Ra8+ Kb7 21. Be4+ 1-0

[Event "Toronto op"]
[Site "Toronto CAN"]
[Date "2025.08.30"]
[Round "1.7"]
[White "Noritsyn, Sergey"]
[Black "Gao, Raymond"]
[Result "1/2-1/2"]
[WhiteElo "2298"]
[BlackElo "1999"]
[WhiteFideId "-1"]
[WhiteFideId "-1"]
[PlyCount "221"]
[GameId "2217351868132702"]
[EventDate "2025.08.30"]
[EventType "swiss"]
[EventRounds "6"]
[EventCountry "CAN"]
[SourceTitle "The Week in Chess 1608"]
[Source "Mark Crowther"]
[SourceDate "2025.09.01"]
[SourceVersion "2"]
[SourceVersionDate "2025.09.01"]
[SourceQuality "2"]

1. e4 c5 2. Nf3 d6 3. Bb5+ Nc6 4. O-O Bd7 5. c3 a6 6. Ba4 Nf6 7. Qe2 b5 8. Bc2 e5 9. Rd1 Bg4 10. a4 b4 11. h3 Bh5 12. d3 Be7 13. Nbd2 O-O 14. Nf1 Re8 15. g4 Bg6 16. Ng3 d5 17. Nf5 Bf8 18. Bg5 d4 19. cxd4 cxd4 20. Bb3 Na5 21. Bd5 Nxd5 22. Bxd8 Nf4 23. Qf1 Raxd8 24. Rac1 Nb3 25. Rc6 Nc5 26. Kh2 a5 27. Kg3 Nxa4 28. Nxe5 Rxe5 29. Kxf4 Re6 30. Rc2 b3 31. Re2 Bxf5 32. gxf5 Rb6 33. Ra1 Nc3 34. Rxa5 Nxe2+ 35. Qxe2 Rc6 36. Rb5 Rc2 37. Qd1 Rxf2+ 38. Kg3 Rxb2 39. Rxb3 Bd6+ 40. Kf3 Rxb3 41. Qxb3 Be5 42. Qc4 Re8 43. Qb5 Kf8 44. Qc5+ Kg8 45. Ke2 f6 46. Kd1 Kh8 47. Kc2 Rb8 48. Qe7 Kg8 49. Qe6+ Kh8 50. Qf7 Rg8 51. Qc4 Rb8 52. Qe6 Rg8 53. Kb3 Rb8+ 54. Kc4 Rg8 55. Kc5 Rb8 56. Kc6 Rg8 57. Kd7 Rb8 58. Qd5 Rg8 59. Ke7 Rb8 60. Qc6 Rg8 61. Kf7 Rb8 62. Qa6 Rg8 63. h4 Rb8 64. h5 Rg8 65. Qb5 Rb8 66. Qc6 Rg8 67. Qc1 Rb8 68. h6 gxh6 69. Qxh6 Rb7+ 70. Kf8 Rb8+ 71. Ke7 Rb7+ 72. Kd8 Rb8+ 73. Kd7 Rb7+ 74. Kc6 Rc7+ 75. Kd5 Kg8 76. Qh3 Kf8 77. Qh6+ Kg8 78. Qd2 Kf7 79. Qa2 Kg7 80. Qa8 Rf7 81. Ke6 Rc7 82. Qa4 Rf7 83. Qe8 Ra7 84. Qh5 Ra6+ 85. Kd5 Ra7 86. Qg4+ Kf8 87. Qh3 Rc7 88. Qh1 Kg8 89. Ke6 Ra7 90. Kd5 Rc7 91. Qh6 Ra7 92. Kc4 Rc7+ 93. Kb4 Rc3 94. Qd2 Kf8 95. Qd1 Kg8 96. Qb1 Rc7 97. Qa2+ Kg7 98. Qa8 Rc3 99. Qa6 Rc7 100. Kb3 Rc3+ 101. Kb2 Rc7 102. Qe6 Rc3 103. Qe7+ Kg8 104. Qb4 Kg7 105. Qb5 Kg8 106. Qa4 Kg7 107. Qd1 Kg8 108. Qg4+ Kf8 109. Qh3 Kg8 110. Kb1 Kg7 111. Kb2 1/2-1/2

[Event "Toronto op"]
[Site "Toronto CAN"]
[Date "2025.08.30"]
[Round "1.8"]
[White "Deepak, Laksshana"]
[Black "Jaferian, Kosha"]
[Result "1-0"]
[WhiteElo "1990"]
[BlackElo "2285"]
[WhiteFideId "-1"]
[WhiteFideId "-1"]
[PlyCount "119"]
[GameId "2217351868132703"]
[EventDate "2025.08.30"]
[EventType "swiss"]
[EventRounds "6"]
[EventCountry "CAN"]
[SourceTitle "The Week in Chess 1608"]
[Source "Mark Crowther"]
[SourceDate "2025.09.01"]
[SourceVersion "2"]
[SourceVersionDate "2025.09.01"]
[SourceQuality "2"]

1. e4 c5 2. Nf3 e6 3. d4 cxd4 4. Nxd4 Nc6 5. Nc3 Bc5 6. Nb3 Bb4 7. Qg4 Nf6 8. Qg5 g6 9. Qxg6 Rg8 10. Qh6 Rg6 11. Qe3 d5 12. exd5 Nxd5 13. Qh3 e5 14. Qxh7 Qf6 15. Bd2 Bxc3 16. bxc3 Bf5 17. O-O-O O-O-O 18. c4 Nde7 19. g4 Bxg4 20. Bh3 Rh8 21. Bxg4+ Kb8 22. Nc5 Rxh7 23. Nd7+ Ka8 24. Nxf6 Rxf6 25. Be3 Rg6 26. Bf3 Rh4 27. Bc5 Rf4 28. Bh5 Rh6 29. Be2 Nf5 30. Rhg1 Rh8 31. c3 b6 32. Be3 Nxe3 33. fxe3 Rf2 34. Bd3 Kb8 35. Bb1 Kc7 36. Rh1 Rh4 37. Rd2 Rf3 38. Rhd1 Rxc4 39. Rd7+ Kc8 40. R7d6 Rxc3+ 41. Kd2 Rc4 42. Ke2 Nd4+ 43. exd4 Rf4 44. dxe5 Rh4 45. Bf5+ Kb7 46. Rd7+ Kc6 47. Rxf7 Rxh2+ 48. Kd3 Rc5 49. Be4+ Kb5 50. Rb1+ Ka6 51. Kd4 Rh4 52. e6 Rc6 53. Rf6 Rc7 54. Re1 Kb5 55. Ke5 Rh8 56. Kd6 Rhc8 57. e7 Rc3 58. Rf8 Kb4 59. Rxc8 Rxc8 60. Kd7 1-0

[Event "Toronto op"]
[Site "Toronto CAN"]
[Date "2025.08.30"]
[Round "1.9"]
[White "Plotkin, Victor"]
[Black "Windram, James"]
[Result "1-0"]
[WhiteElo "2282"]
[BlackElo "1984"]
[WhiteFideId "-1"]
[WhiteFideId "-1"]
[PlyCount "87"]
[GameId "2217351868132704"]
[EventDate "2025.08.30"]
[EventType "swiss"]
[EventRounds "6"]
[EventCountry "CAN"]
[SourceTitle "The Week in Chess 1608"]
[Source "Mark Crowther"]
[SourceDate "2025.09.01"]
[SourceVersion "2"]
[SourceVersionDate "2025.09.01"]
[SourceQuality "2"]

1. e4 c5 2. Nf3 e6 3. b3 d5 4. exd5 exd5 5. d4 Nc6 6. Bb2 Nf6 7. Be2 Bd6 8. O-O O-O 9. Na3 a6 10. c4 Nxd4 11. Nxd4 cxd4 12. cxd5 Bc5 13. b4 Bxb4 14. Qxd4 Qe7 15. Nc4 Bc5 16. d6 Qxe2 17. Qxc5 Be6 18. Bxf6 Qxc4 19. Qg5 Qg4 20. Qxg4 Bxg4 21. Be7 Rfe8 22. Rac1 Rac8 23. f4 Bd7 24. Rc7 Rxc7 25. dxc7 f6 26. Rd1 Bc8 27. Bc5 Kf7 28. Kf2 h5 29. Rd5 g6 30. a3 b5 31. Rd8 a5 32. Bd4 b4 33. axb4 axb4 34. Bxf6 b3 35. Be5 Bg4 36. Kg3 Bf5 37. Kh4 Be6 38. Kg5 Bf5 39. h3 Be6 40. Rxe8 Kxe8 41. Kxg6 h4 42. f5 Bc8 43. f6 Be6 44. Kg7 1-0